[Event "Dortmund Master"]
[Site "Dortmund"]
[Date "1999.07.14"]
[Round "6"]
[White "Maric, Alisa"]
[Black "Feygin, Michael"]
[Result "0-1"]
[WhiteElo "2489"]
[BlackElo "2500"]
[Annotator "Tsesarsky,I"]
[PlyCount "76"]
[EventDate "1999.07.09"]
[EventType "tourn"]
[EventRounds "9"]
[EventCountry "GER"]
[EventCategory "9"]
[SourceTitle "CBM 072"]
[Source "ChessBase"]
[SourceDate "1999.10.01"]
[SourceVersion "1"]
[SourceVersionDate "1999.10.01"]
[SourceQuality "1"]

{[%mdl 8192]} 1. Nf3 d5 2. d4 c6 3. c4 e6 4. e3 Nf6 5. Bd3 Nbd7 6. O-O dxc4 7.
Bxc4 Bd6 8. Nc3 (8. Qe2 O-O 9. h3 e5 10. dxe5 Nxe5 11. Nxe5 Bxe5 12. f4 Bc7 13.
Nc3 Re8 $15 {1/2-1/2 Vidmar,M-Thomas,G/London 1927 (38)}) (8. Nbd2 O-O (8... e5
9. Bb3 Bc7 10. dxe5 Nxe5 11. Nxe5 Bxe5 12. Nc4 Bc7 13. Qxd8+ Kxd8 14. Bd2 Bg4
$1 $11 {[%cal Gg4h5]} (14... c5 15. Rfd1 (15. Ba5 b6 16. Bc3 Be6 17. Bxf6+ gxf6
$15) 15... Ke7 16. e4 Be6 17. f3 $14 {1/2-1/2 Filip,M-Nei,I/Beverwijk 1964 (30)
})) 9. Bb3 (9. Bd3 c5 10. Nc4 Be7 11. b3 a6 12. a4 b6 13. Bb2 Bb7 14. Qe2 cxd4
15. Bxd4 Bc5 16. Rfd1 Bxf3 17. Qxf3 Bxd4 18. exd4 Nd5 $11 {1/2-1/2 Balashov,
Y-Grischuk,A/Russian Cup, Nizhnij Novgorod RUS 1998 (21)}) 9... Bc7 10. Nc4 b6
11. Re1 (11. Bc2 Bb7 12. b3 $11 {[%cal Yc1a3,Yc1b2,Gc6c5]}) 11... Bb7 12. e4 b5
(12... c5 13. e5 $132) 13. Ncd2 (13. Nce5 Nxe5 14. dxe5 Nd7 15. Bf4 $15 {
0-1 Bogoljubov,E-Alekhine,A/Wch14-GER\NLD Berlin ,MAINB 1929 (60)}) 13... e5
$132) (8. Bd3 c5 9. Re1 cxd4 10. exd4 O-O 11. Nc3 b6 12. Bg5 Bb7 13. Qe2 h6 14.
Bh4 Be7 15. Rad1 Rc8 (15... Nd5 $4 $18 16. Qe4 g6 17. Bxe7 Qxe7 18. Nxd5 {
1-0 Lerner,K-Dolmatov,S/Kutaissi 1978 (18)}) 16. Ne5 $132) (8. b3 O-O 9. Bb2
Qc7 10. Nc3 e5 11. h3 exd4 12. Nxd4 Nb6 13. Bd3 Qe7 $11 {1-0 Garcia Palermo,
C-Martorelli,A/Reggio Emilia 1994 (28)}) (8. Qc2 O-O 9. e4 e5 10. dxe5 Nxe5 11.
Nxe5 Bxe5 12. Nd2 Bc7 13. f4 Nh5 (13... Qd4+ 14. Kh1 Rd8 15. e5 $14) 14. e5 (
14. g3 $4 Bh3 $19 {1-0 Agdestein,S-Thorhallsson,T/VISA GP, Reykjavik ISL 1998 
(61)}) 14... Qd4+ 15. Kh1 Be6 (15... Nxf4 16. Nf3 $18) 16. Bxe6 fxe6 17. Nf3
$14) 8... O-O (8... e5 $2 9. dxe5 Bxe5 (9... Nxe5 $2 10. Nxe5 Bxe5 11. Qxd8+
Kxd8 12. Bxf7 $16 {1-0 Shipov,S-Arkhangelsky,B/Groningen 1993 (23)}) 10. Nxe5
Nxe5 $14) 9. e4 (9. b3 e5 10. Qc2 Qe7 11. dxe5 Nxe5 12. Nxe5 Qxe5 13. f4 Qh5
14. Bd2 Bc5 15. Rae1 Bf5 16. Bd3 Bxd3 17. Qxd3 Rad8 $17 {0-1 Polovodin,
I-Yuneev,A/Leningrad ch 1989 (51)}) 9... b5 10. Bd3 {This openning doesn't
promise any advantage...} (10. e5 bxc4 11. exd6 Nb6 12. Bf4 Nbd5 13. Bg3 Nxc3
14. bxc3 Ne4 15. Qe2 Nxg3 16. hxg3 Qxd6 17. Qxc4 $11) (10. Be2 b4 11. e5 bxc3
12. exd6 Ne4 13. Qc2 cxb2 14. Bxb2 Nxd6 15. Qxc6 Rb8 (15... Qb6 16. Qxa8 Ba6
17. Qxf8+ Kxf8 18. Bxa6 Qxa6 $14) 16. Rab1 Rb6 $11) 10... e5 11. h3 (11. Bg5
exd4 12. Nxd4 $132) 11... Bb7 12. a3 (12. Be3 $132) 12... a6 (12... exd4 13.
Nxd4 Ne5 14. Bc2 Re8 15. Nf5 $14) 13. Be3 Re8 14. dxe5 Nxe5 15. Nxe5 Bxe5 16.
Qc2 c5 17. Bxc5 $2 $17 (17. Rad1 Qa5 (17... Bd4 18. Rfe1 $11) 18. Bxc5 Bxc3 19.
Qxc3 Qxc3 20. bxc3 Bxe4 21. Bd4 Rad8 22. Bxf6 Rxd3 23. Bd4 $11) 17... Rc8 18.
b4 Nd7 19. Rad1 Nxc5 20. bxc5 Qa5 21. Nb1 h6 (21... Re6 22. Nd2 Qxa3 23. Nb3
Qb4 $17) 22. Kh1 (22. Nd2 Qxa3 23. Nb3 Qb4 $17) 22... Bd4 23. Bc4 (23. Qd2 Qxd2
24. Nxd2 Bxc5 $19) 23... Rxe4 $4 $16 {Start of mistakes comedy...} (23... Bxc5
24. Bd5 Bxa3 25. Bxf7+ Kxf7 26. Qb3+ Kf8 27. Qf3+ (27. Nxa3 Rc3 $19) 27... Kg8
28. Qb3+ Kh7 29. Nxa3 (29. Qxa3 Qxa3 30. Nxa3 Bxe4 $19) 29... Bxe4 $19 (29...
Rc3 30. Qf7 $132)) 24. c6 $3 Bxc6 25. Bd5 $1 Ree8 $2 $18 (25... Rf4 26. Bxc6
Rxf2 27. Rxf2 Bxf2 28. Qxf2 Rxc6 29. Rd7 Rf6 30. Qd2 Rf1+ 31. Kh2 Qxd2 32. Nxd2
Ra1 33. Rd3 a5 $16) 26. Bxc6 Bf6 (26... Qb6 27. Qd2 Qxc6 28. Qxd4 $18) 27. Rd6
Re1 (27... Be5 28. Qe4 Bxd6 29. Bxe8 $18) 28. Nd2 (28. Kg1 $18) 28... Qxa3 29.
Qf5 $1 Rxf1+ 30. Nxf1 Rc7 31. Be4 $4 $19 (31. Qf4 Qa1 32. Kg1 Bg5 33. Qf5 g6
34. Qd5 Bf6 35. Bb7 Rc1 36. Qd3 Be5 37. Rd8+ Kg7 38. g3 $16) (31. Rxf6 gxf6 32.
Qxf6 Qf8 33. Ne3 $18) 31... Qxd6 32. Ng3 (32. Qh7+ {It is not mate!} Kf8 $19)
32... Be5 (32... g6 $19) 33. Qh7+ Kf8 34. Qh8+ Ke7 35. Nf5+ Kd7 36. g3 (36.
Nxd6 Rc1#) 36... Qd1+ 37. Kg2 Rc8 (37... Rc1 $19) 38. Qh7 Rc1 0-1

[Event "Ordzhonikidze zt 1.9"]
[Site "Ordzhonikidze"]
[Date "2000.06.12"]
[Round "4"]
[White "Onischuk, Alexander"]
[Black "Mikhaletz, Lubomir"]
[Result "1-0"]
[WhiteElo "2635"]
[BlackElo "2510"]
[Annotator "Tsesarsky,I"]
[PlyCount "119"]
[EventDate "2000.06.09"]
[EventType "swiss"]
[EventRounds "9"]
[EventCountry "UKR"]
[SourceTitle "CBM 078"]
[Source "ChessBase"]
[SourceDate "2000.10.18"]
[SourceVersion "1"]
[SourceVersionDate "2000.10.18"]
[SourceQuality "1"]

1. d4 d5 2. Nf3 e6 3. c4 c6 4. e3 Nf6 5. Nbd2 Nbd7 6. Bd3 Be7 7. O-O b6 8. e4
dxe4 9. Nxe4 Bb7 10. Qe2 O-O 11. Rd1 Qc7 12. Bg5 c5 {Except of this move there
are 2 another possibilities:} (12... Rfe8 {Black wants to delay c6-c5
promotion, but it doesn't work...} 13. c5 $1 (13. Nxf6+ {Or} Bxf6 14. Bxf6 Nxf6
15. c5 $1 $14 {Mikhalevski,Victor-Zak,Uriel/ISR-ch Tel Aviv (3) ;EXT 97 1994/
1-0 (48)}) 13... bxc5 14. dxc5 h6 (14... Nxc5 15. Nxc5 Bxc5 16. Bxf6 gxf6 17.
Bxh7+ $16 {1/2-1/2 Torre,Eugenio-Muco,Fatos/Luzern ol (Men) (7) ;EXT 97-B 1982
(41)}) 15. Bh4 Nxe4 16. Qxe4 Nf6 17. Bxf6 Bxf6 18. Qh7+ Kf8 19. Nd2 $14 {
1-0 Gelfand,Boris-Serper,Grigory/Vilnius ;CBM 07 1988 (41)}) (12... Rad8 13. c5
$1 $14 (13. Rac1 Rfe8 14. Bh4 (14. c5 $14) 14... c5 15. Bg3 Qc6 16. d5 exd5 17.
cxd5 Nxd5 18. Nd4 Qc8 19. Nf5 Bf8 20. Qg4 Re6 $44 {1-0 Znosko Borovsky,Eugene
-Price,H/Ramsgate schev (3) ;EXT 99 1929 (44)})) 13. dxc5 {Another
continuations are:} (13. Bh4 Rac8 (13... Rad8 14. Nc3 cxd4 15. Nxd4 Ba8 16. Bc2
Nc5 17. b4 Ncd7 18. a3 Ne5 19. Bg3 Qb7 20. f3 $14 {Burmenko,D-Kamsky,Gata/
SochiJ-B ;EXT 2000 1986/1-0 (54)}) (13... Rfe8 14. Bg3 Qc6 15. dxc5 bxc5 16.
Nc3 $14 {1-0 Kozlov,Oleg-Lazic,Miroljub/JUG-ch op Nis (10) ;EXT 99 1996 (26)})
14. Bg3 Qc6 15. d5 exd5 16. Nxf6+ Bxf6 17. cxd5 {1-0 Vidmar,Milan Sr-Winter,
William/Hastings ;EXT 99 1929}) (13. Rac1 Kh8 14. Bb1 Rad8 15. Nc3 cxd4 16. Nb5
Qb8 17. Nbxd4 h6 18. Bh4 $14 (18. Bxf6 $6 Nxf6 19. Ne5 Bd6 $132 (19... Qa8 $4
20. Nxe6 $1 $18 {1-0 Thomas,George Alan-Menchik,Vera/Paris (11) ;EXT 99 1929}))
) (13. Bc2 Rfe8 14. dxc5 Bxe4 15. Bxe4 Nxe4 16. Bxe7 Nc3 17. bxc3 Rxe7 18. cxb6
Nxb6 19. Rd4 Rc8 20. Rad1 $14 {1-0 Gurevich,Mikhail-Prie,Eric/Clichy (9) ;EXT
97 1993 (26)}) 13... bxc5 (13... Bxc5 $5 14. Nxf6+ (14. Rac1 Rfe8 15. Nxc5 Qxc5
16. Be3 Qc6 17. Ne1 Nc5 18. Bb1 e5 $14 {1/2-1/2 Biriukov,O-Lastin,A/Petroff
Mem Open 2000 (46)}) 14... Nxf6 15. Bxf6 gxf6 16. Be4 Rfd8 17. Bxb7 Qxb7 18.
Rd3 $1 $14 {[%cal Ga1d1]}) 14. Nxf6+ (14. Bh4 Qc6 15. Re1 (15. Nc3 Rfd8 16. Bc2
Nf8 17. Ba4 Qb6 18. Ne5 Rd4 19. Bg3 Ne4 20. Nxe4 Rxe4 21. Qc2 Bf6 22. Re1 Rd4
23. Rad1 Rad8 $132 {1/2-1/2 Petronic,J-Lazic,Mi/Renome 2000 Bjeljina YUG 2000 
(44)}) 15... Rfe8 16. Qc2 h6 17. Qc3 Rad8 18. Rad1 Qb6 19. Bg3 Nxe4 20. Bxe4
Bxe4 21. Rxe4 Bf6 22. Qc2 Qxb2 (22... Nb8 $11 {0-1 Richter,Emil-Skalicka,
Carlos/Kautsky mem8 (12) ;EXT 99 1931 (47)}) 23. Qxb2 Bxb2 24. Bc7 Nf6 $1 $17)
(14. Re1 Qc6 15. Rad1 Rfe8 16. Qc2 h6 17. Nxf6+ Nxf6 18. Bxf6 Bxf6 19. Bh7+ Kf8
20. Be4 $14 {1/2-1/2 Liublinsky,Victor Alexandrovic-Chistiakov,Alexander
Nikolaevi/Moscow-ch ;MCD 1947 (40)}) (14. Bc2 $5 Rad8 15. h3 Rfe8 16. Nc3 Nb6
17. Ne5 $14 {1/2-1/2 Frias,Victor J-Nogueiras,Jesus/Saint John op-2 ;CBM 06
1988}) 14... Bxf6 $5 (14... Nxf6 15. Ne5 Rad8 16. Bd2 (16. Bc2 Rxd1+ 17. Rxd1
Rd8 18. Rxd8+ Bxd8 $11) 16... Ne8 17. Bc3 Bf6 18. a3 (18. f4 g6 19. Qe1 Qe7 20.
b4 Ng7 21. b5 (21. a3 $5) 21... Nh5 22. Qe3 $14 (22. g3 $6 $132 {[%csl Gb5,Rg1]
[%cal Gb7h1,Ga2a4] Alatortsev,Vladimir-Levenfish,Grigory/Leningrad ;HCL 1934/
1-0 (51)})) 18... Nd6 19. b4 a6 20. Rab1 $14) 15. Bxh7+ $1 {This move seems
dangerous, but Black has enough resourses to keep +/=} Kxh7 16. Qd3+ Kg8 17.
Qxd7 Qxd7 18. Rxd7 Bxb2 (18... Bc6 $6 19. Rc7 Rfc8 20. Rxc8+ Rxc8 21. Bxf6 gxf6
22. Rd1 $16) 19. Rb1 Bxf3 20. gxf3 $1 $14 (20. Rxb2 $2 Bc6 $11) 20... Bd4 21.
Rbb7 {White hasn't material advantage, but his pieces are placed on dominate
positions.} a5 $2 $16 {Why to play on the Black square and create one more
weakness?} (21... a6 $142 22. Kg2 $1 (22. Kf1 Rab8 23. a4 (23. Rxf7 Rxb7 24.
Rxb7 Rxf3 $17) 23... Rxb7 24. Rxb7 Kh7 25. Be7 Re8 26. Bd6 Rd8 $11) 22... Kh7 (
22... Rab8 $140 23. Rxf7 $16) 23. Be3 Bxe3 24. fxe3 $14) 22. a4 $1 {[%csl Ra5,
Rc5]} Bc3 23. Kf1 Rac8 24. Ke2 Bb4 25. h4 $1 Rc6 {Black hasn't any active plan
and had to wait.} (25... Ra8 26. h5 $16) (25... g6 26. Bh6 $18) 26. h5 Bc3 {
[%cal Gc3g7]} (26... Rcc8 27. Be7 Rfe8 28. Bd6 Red8 29. Rxf7 Rxd6 30. Rxg7+ Kf8
31. h6 $18 {[%csl Rf8][%cal Gh6h7,Gg7h7]}) 27. Bd8 Kh7 $2 $18 {makes position
of Black hopeless.} ({Right was} 27... Bb4 $1 28. Bc7 {[%cal Gc7d6]} (28. Be7
Re8 29. f4 (29. Bd6 e5 $1 $14 {[%cal Gc6h6]}) 29... Bc3 30. Kd3 (30. Kf3 Rcc8
31. Rb5 Kh7 32. Bxc5 Rc6 $11) 30... Bd4 31. f3 e5 32. fxe5 (32. f5 Rh6 33. Bd6
e4+ 34. fxe4 Rxh5 35. Rxf7 Rh3+ 36. Ke2 Rxe4+ $17) 32... Bxe5 33. Bd8 Ra6 (
33... Rd6+ 34. Rxd6 Bxd6 35. Bxa5 Ra8 36. Bc7 (36. Rb5 Kh7 {[%csl Rh5][%cal
Gh7h5]} 37. Ke4 $16) 36... Bxc7 37. Rxc7 Rxa4 38. Rxc5 $16) 34. Rb5 Rd6+ 35.
Rxd6 Bxd6 36. Bxa5 Re5 37. Bb6 Rf5 38. Ke2 Rxh5 39. a5 $18) 28... Kh7 29. Ra7 {
[%csl Ra5]} (29. Bd6 Rg8 30. Bc7 Rf8 31. Ra7 $16) 29... Kh6 30. Bxa5 Kxh5 (
30... Bxa5 31. Rxa5 Kxh5 32. Raa7 $16) 31. Bc7 $16 {[%csl Ga4][%cal Ga4a5]})
28. Be7 Rh8 (28... Re8 29. Bg5 Rf8 30. Rxf7 Rxf7 31. Rxf7 $18) 29. Bg5 Kg8 30.
Rb8+ Kh7 31. Rxh8+ Kxh8 32. Rxf7 Rb6 {Black R start play, but too late. P lack
and weaknesses - is desicive fact.} 33. Be3 {[%csl Rc5]} Rb2+ (33... Rb4 34.
Kd3 Bd4 (34... Bf6 35. Bxc5 Rxa4 36. Ra7 Ra1 37. Be3 a4 38. c5 $18) 35. Bxd4
cxd4 36. c5 $18) 34. Kd3 Bb4 35. Bf4 $4 $11 {[%mdl 16384] Wrong idea} (35. Re7
$1 Ra2 36. Rxe6 Rxa4 37. Ke4 $18 {[%cal Ge4d5]}) 35... Rb3+ $5 ({Immediately
equalize} 35... Rxf2 $1 36. Be5 (36. Ke4 $6 Rc2 37. Kd3 (37. Be5 Re2+ $18)
37... Rc3+ $11) 36... Kh7 $1 37. Rxg7+ (37. Bxg7 Kg8 38. Re7 Rxf3+ 39. Ke4 Rh3
(39... Rf7 40. Rxf7 Kxf7 41. Bh6 $18) 40. h6 Bc3 $11) 37... Kh6 38. f4 Kxh5 39.
Re7 Ra2 40. Rxe6 Rxa4 $11) 36. Ke4 Kg8 37. Re7 Rc3 38. Rxe6 (38. Be5 Rxc4+ 39.
Ke3 Rh4 40. Rxg7+ Kf8 41. Rh7 Kg8 42. Rh8+ Kf7 43. f4 (43. h6 Kg6 44. Bg7 c4
45. Rc8 c3 46. Bxc3 Bxc3 47. Rxc3 Rxa4 $11) 43... c4 44. h6 c3 $44) 38... Rxc4+
39. Kf5 {[%csl Rg8][%cal Gf5g6]} Bc3 $4 $18 {[%mdl 16384]} ({Why not} 39... Kh7
$1 {[%csl Gg6]} 40. Re7 {[%csl Rg7][%cal Gf4e5]} Bc3 $8 41. h6 (41. Rc7 Bd4 (
41... Rxa4 42. Rxc5 Bb2 $44)) 41... Rxa4 42. hxg7 Ra1 $44) 40. Re4 $1 Rb4 (
40... Rxe4 41. Kxe4 $18 (41. fxe4 c4 42. e5 Bb4 43. Ke6 $1 $18)) 41. Bd6 {
[%csl Rc5]} Kh7 (41... Rxe4 $18) (41... Rb6 42. Re8+ Kh7 43. Bxc5 Rb1 (43...
Rf6+ 44. Kg4 $18) 44. Be3 Rh1 45. h6 gxh6 46. Re7+ $18) (41... Rb1 42. Bxc5 $18
) 42. Bxc5 Rb2 (42... Rb1 43. Bd4 Bxd4 44. Rxd4 Rh1 45. Ke4 Rxh5 46. Rd5 $18)
43. Rf4 (43. Rc4 $18) 43... Re2 44. Rc4 Re5+ 45. Kg4 Bd2 46. Be3 Bb4 (46...
Bxe3 47. fxe3 Rxe3 48. Rc5 $18) 47. Rc7 {[%csl Rg7][%cal Gc7g7,Ge3d4]} Rd5 48.
h6 $1 {and further resistance was redundand...} Bf8 49. hxg7 Bxg7 50. Rc5 Rxc5
51. Bxc5 Kg6 52. Kf4 Bc3 53. Ke4 Be1 54. f4 Kf6 55. f5 Kf7 56. f3 Bg3 57. Bb6
Be1 58. Bd4 Ke7 59. Kd5 Kd7 60. f6 1-0

[Event "Magen Memorial"]
[Site "Petah Tikva"]
[Date "1999.06.01"]
[Round "4"]
[White "Tsesarsky, Ilya"]
[Black "Erenburg, Sergey"]
[Result "0-1"]
[WhiteElo "2430"]
[BlackElo "2362"]
[Annotator "Tsesarsky,I"]
[PlyCount "120"]
[EventDate "1999.??.??"]
[EventType "tourn"]
[EventRounds "7"]
[EventCountry "ISR"]
[SourceTitle "CBM 071"]
[Source "ChessBase"]
[SourceDate "1999.08.01"]
[SourceVersion "1"]
[SourceVersionDate "1999.08.01"]
[SourceQuality "1"]

{[%mdl 8224]} 1. Nf3 d5 2. d4 Nf6 3. c4 c6 4. Nc3 e6 5. e3 Nbd7 6. Qc2 Bd6 7.
Bd3 O-O 8. O-O h6 (8... Qe7 9. c5 Bc7 10. e4 dxe4 (10... e5 11. exd5 cxd5 12.
Bg5 $16) 11. Nxe4 h6 (11... Nd5 12. Bd2 Rd8 13. Rae1 f6 14. Nd6 Nf8 15. Nxc8
Raxc8 16. Re4 $14) 12. Re1 Rd8 13. a3 Nxe4 14. Bxe4 Nf6 15. Bd3 Nd5 16. Bd2 $14
) 9. Rd1 (9. b3 b6 10. Bb2 Bb7 11. Rfd1 Qe7 12. cxd5 cxd5 13. Nb5 Rfc8 14. Qe2
Bb8 15. Ba3 Qd8 16. Rac1 Rxc1 17. Rxc1 Ne8 18. g3 a6 19. Nc3 Bd6 20. Bxd6 Nxd6
21. Ne5 $14 {0-1 Topalov,V-Ivanchuk,V/Amber-rapid6th 1997/EXP 57 (43)}) 9...
Qe7 (9... a6 10. b3 b5 11. e4 dxe4 12. Nxe4 Nxe4 13. Bxe4 Bb7 14. Ne5 Qc7 15.
Nxd7 Qxd7 16. Bb2 Rac8 {1/2-1/2 Kovacs,A-Zanaty,Z/HUN-chT2 1994 (16)}) (9... e5
10. cxd5 cxd5 11. Nb5 Bb8 12. dxe5 Nxe5 13. Be2 Re8 14. Nbd4 Qd6 15. Bd2 Ne4
16. Be1 Nxf3+ 17. Nxf3 Bg4 18. g3 Qf6 $132 {1/2-1/2 Degerman,L-Sokolov,I/
Sigeman, Malmoe SWE 1998 (58)}) (9... b6 10. e4 dxe4 11. Nxe4 Nxe4 12. Bxe4 Bb7
13. c5 $1 $14) (9... Qc7 10. b3 b6 11. Bb2 Bb7 12. Rac1 Rac8 13. Qe2 (13. e4
dxe4 14. Nxe4 Nxe4 15. Bxe4 Nf6 16. c5 Bf4 17. Rb1 Qe7 18. Re1 Rfd8 19. Rbd1
Nxe4 20. Qxe4 Bb8 21. b4 $11) 13... Qb8 14. e4 e5 15. exd5 exd4 16. Ne4 Rfe8
17. Qc2 Nxe4 18. Bxe4 cxd5 19. Bh7+ Kh8 20. Bf5 Rc7 21. Qd2 Ne5 22. Nxd4 $132 {
0-1 Miles,A-Conquest,S/Yopal 1997/CBM 60/[Hecht] (48)}) 10. e4 (10. c5 $1 Bb8 (
10... Bc7 11. e4 dxe4 12. Nxe4 Nd5 13. Bd2 e5 14. Re1 exd4 15. Nd6 Qf6 16. Ne8
Qd8 17. Nxc7 Qxc7 18. Nxd4 $14 {0-1 Popov,V-Skatchkov,P/Petrov mem, St
Petersburg RUS 1998 (37)}) 11. e4 e5 12. exd5 Nxd5 13. Bf1 (13. Nxd5 cxd5 14.
c6 Nb6 (14... bxc6 15. Qxc6 Nb6 16. Nxe5 Bxe5 17. dxe5 Qxe5 18. Be3 $14) 15.
cxb7 Bxb7 16. dxe5 $14) 13... Nxc3 (13... exd4 14. Nxd5 cxd5 15. b4 a5 16. Re1
Qf6 17. Bb2) 14. bxc3 e4 15. Re1 Nf6 16. g3 Bf5 17. Bb2 Bh7 18. Qb3 $132 {
0-1 Spraggett,K-Bacrot,E/Enghien Les Bains 1997/CBM 58/ (41)}) (10. h3 b6 11.
e4 (11. cxd5 cxd5 (11... exd5 $5 12. Nh4 $5 Nb8 $14 (12... g6 $2 13. Bxg6 fxg6
14. Qxg6+ $18)) 12. Nb5 {1-0 Karpov,A-Pelletier,Y/Biel 1997/CBM 60/ (51)})
11... dxe4 12. Nxe4 Nxe4 13. Bxe4 Bb7 14. Be3 $14) 10... dxe4 11. Nxe4 Nxe4 12.
Bxe4 Nf6 $2 $16 (12... Re8 13. Re1 (13. c5 Bc7 14. Re1 Nf6 15. b3 (15. Bd3 $14)
15... Nxe4 16. Qxe4 Qf6 {[%csl Rf4]} 17. Ne5 $14) 13... Nf6 14. Bd3 $6 (14. c5
Bc7 (14... Nxe4 15. Qxe4 Bc7 16. Bf4 $14) 15. Bd3 $14) 14... c5 15. dxc5 Bxc5
16. Ne5 b6 17. Bd2 Bb7 18. Rad1 Red8 19. Bc3 a5 20. a3 Rac8 (20... Kf8 21. Bg6
$1 $14 {1-0 Browne,W-Vera,R/Linares MEX ,EXT 1994 (53)}) 21. h3 $132) (12... c5
$1 13. dxc5 (13. Be3 f5 14. Bd3 e5 15. dxe5 Nxe5 16. Nxe5 Qxe5 17. g3 Qf6 $11)
13... Nxc5 (13... Bxc5 14. Bd2 (14. b3 Nf6 15. Bb2 Nxe4 16. Qxe4 f6 17. Rd2 e5
18. Rad1 Be6 19. Nh4 Rfd8 20. Nf5 Bxf5 21. Qxf5 Rxd2 22. Rxd2 Rd8 $11) 14...
Nf6 15. Bd3 Ng4 16. Be1 b6 17. Bh7+ (17. h3 Nf6 18. Bc3 Bb7 19. Ne5 Rfd8 20. a3
a5 $11) 17... Kh8 18. Qe4 Bb7 19. Qxg4 Kxh7 20. Bc3 f6 $11) 14. Bh7+ Kh8 15. b4
Na6 16. c5 Bc7 17. Rb1 f5 18. Bg6 e5 19. g3 $5 $14) 13. c5 $1 (13. Bd3 c5 $14)
13... Nxe4 14. Qxe4 Bc7 15. Bf4 $1 {White change proper pieces.} Bxf4 16. Qxf4
Rd8 17. Ne5 Qc7 18. Qe4 Rd5 19. Rac1 Bd7 20. Rd3 (20. Nc4 Be8 21. Nd6 Rd8 22.
b4 R8xd6 23. cxd6 Qxd6 24. a3 $16) 20... Rd8 21. h4 (21. h3) 21... Be8 22. Rcc3
b6 23. b4 b5 24. Ra3 f6 25. Nf3 Qd7 26. Re3 Bf7 (26... Bh5 27. g4 f5 28. Qxe6+
Qxe6 29. Rxe6 fxg4 (29... Bxg4 30. Ne5 $16) 30. Ne5 Be8 31. Rxa7 Rxd4 32. a3
$14) 27. Ra6 Re8 28. Rea3 Re7 29. Qf4 $5 {White provoke black on opening of a
position.} (29. Qe3 $1 $16) (29. Rxa7 $2 Qxa7 30. Rxa7 Rxa7 31. Qf4 Rxa2 32.
Qc7 (32. Qb8+ Kh7 33. Qc8 (33. Qf8 Bh5 $17) 33... Rb2 34. Qxc6 Rxb4 35. Qb7 Be8
36. c6 Rc4 37. c7 Bd7 $17) 32... Be8 33. Qe7 Bd7 $17) 29... e5 30. dxe5 fxe5
31. Qg3 Qf5 32. Rxa7 $2 $11 (32. Rxc6 $1 Qb1+ (32... e4 33. Ne1 Rd2 34. Rxh6 (
34. Rca6 Re2 35. Re3 $16) 34... Re2 35. Re3 Qxf2+ 36. Qxf2 Rxf2 37. Kxf2 gxh6
38. a3 $18) 33. Kh2 Qxb4 (33... Rd1 34. Qg4 $16) 34. Re3 Rxc5 35. a3 Qc4 36.
Rxh6 (36. Rxe5 Rexe5 37. Nxe5 Qd5 38. Rxc5 Qxc5 $132) 36... Rd5 37. Ng5 Rd4 (
37... gxh6 38. Ne6+ $18) 38. Nxf7 Kxf7 (38... Rg4 39. Rh8+ Kxf7 40. Qf3+ Qf4+ (
40... Ke6 41. g3 $16 (41. Qh3 Kf7 42. Qf3+)) 41. g3 Qxf3 42. Rxf3+ Ke6 43. Rb8
a6 44. Rb6+ Kd5 45. Rxa6 $16) 39. Qg6+ Kg8 40. Qh7+ Kf8 (40... Kf7 41. Rg3 $18)
41. Rh5 Rf4 42. Rd3 Rd4 43. Qh8+ Kf7 44. Rg3 $16) 32... Rxa7 33. Rxa7 e4 34.
Ne1 {White Rook and knight in offside.} (34. Nh2 Rd1+ 35. Nf1 e3 $19) (34. Qb8+
Kh7 35. Qc7 exf3 36. Qxf7 Qg4 37. Qxf3 Rd1+ 38. Kh2 Qxh4+ 39. Qh3 Rd4 (39...
Qxf2 40. Rxg7+ Kxg7 41. Qg4+ $14) 40. Qxh4 Rxh4+ 41. Kg3 Rxb4 42. Ra6 Rb2 43.
a3 Ra2 $11) 34... Rd1 35. Qe3 Qe5 (35... Qg4 36. a4 (36. Re7 Bd5 37. g3 Ra1 (
37... Qf3 38. Qxf3 exf3 39. a3 Bc4 40. Kh2 Rd2 41. Kg1 Rd1 42. Kh2 $11) 38. Kh2
Rxa2 39. Qd4 Ra3 40. Ng2 Rf3 41. Qd2 $11) 36... bxa4 37. Rxa4 Qxh4 38. b5 cxb5
39. Rxe4 Qf6 40. Kh2 $132) 36. h5 $4 $19 {As it is possible so awfully to play
in a chess?} (36. f4 Qa1 37. Kf1 Bc4+ 38. Kf2 Qb2+ 39. Kg3 Bd5 (39... Bf1 40.
Ra8+ Kf7 41. Ra7+ Kf6 42. Qxe4 Rxe1 43. Qxc6+ Re6 44. Qb7 Re3+ 45. Kh2 $16) 40.
a3 Qd2 41. Qxd2 Rxd2 42. a4 bxa4 (42... Re2 43. axb5 cxb5 44. Ra1 $16) 43. Rxa4
Kf7 $44) 36... Bd5 37. f4 Qa1 (37... Qxh5 38. Qg3 Bf7 $17) 38. Kf2 (38. Kf1 Rd3
39. Ra8+ Kh7 40. Qe2 Rh3 $1 41. gxh3 Bc4 $19) 38... Qb2+ 39. Kg3 Qxb4 40. Nc2
Qc4 41. Kh2 Qf1 (41... Qxc2 $4 {Not coming across in a trap!} 42. Qg3 Bf7 43.
f5 Kh8 (43... Rh1+ 44. Kxh1 Qd1+ 45. Kh2 Qxh5+ 46. Qh3 Qg5 $132) 44. f6 gxf6
45. Qf4 Rh1+ 46. Kxh1 Qd1+ 47. Kh2 Qxh5+ 48. Kg3 Kg7 49. Qxe4 Qxc5 $132) 42.
Nb4 (42. Ra3 Qh1+ 43. Kg3 Qxh5 $19) 42... Qh1+ (42... Re1 $19) 43. Kg3 Qxh5 44.
Qc3 Qg6+ 45. Kh2 Qg4 46. Ra3 Qxf4+ 47. Qg3 Qxg3+ 48. Kxg3 Rc1 49. Na6 Rc2 50.
Kf4 Rxg2 51. Nb4 Rd2 52. Ke3 Rd1 53. Rc3 Kf7 54. a4 bxa4 55. Ra3 Rc1 56. Rxa4
Rxc5 57. Ra7+ Kf6 58. Rc7 Rc3+ 59. Kf4 g5+ 60. Kg4 Be6+ 0-1